Nedostatky transformace odborného školství. 1

Situácia na stredných odborných školách v ČR. Problémy pri transformácii školstva.

Gespeichert in:
Bibliographische Detailangaben
1. Verfasser: Klančík, R.
Format: Buchkapitel
Sprache:Tschechisch
Schlagworte:
Tags: Tag hinzufügen
Keine Tags, Fügen Sie das erste Tag hinzu!

MARC

LEADER 00000naa a2200000 4500
001 r017467
005 20221213082456.6
041 0 |a cze 
044 |a CZ 
245 1 0 |a Nedostatky transformace odborného školství. 1  |c R. Klančík 
520 |a Situácia na stredných odborných školách v ČR. Problémy pri transformácii školstva. 
610 2 0 |a školy odborné 
610 2 0 |a školy odborné stredné 
610 2 0 |a transformácia 
610 2 0 |a Česko 
100 1 |a Klančík, R.